Nivelación en matemática; ejercitación básica 2003 /

Guardado en:
Autor Principal: Casamitjana, Marta
Otros Autores: Guala, Graciela, Oscherov, Viviana
Formato: Libro
Publicado: Bahía Blanca : Universidad Nacional del Sur, 2003
Materias:
Etiquetas: Agregar Etiqueta
Sin Etiquetas, Sea el primero en etiquetar este registro!
LEADER 00694nam a22002295a 4500
001 CEM.cems011108
005 20060214000000.0
008 130507s2003##################000#0#####d
003 CEMS
082 0 4 |a F510 
100 1 |a Casamitjana, Marta 
245 1 0 |a Nivelación en matemática; ejercitación básica 2003 / 
260 |a Bahía Blanca :  |b Universidad Nacional del Sur,  |c 2003 
300 |a 42 p. 
653 |a Matematica 
653 |a Ingreso uns-2003 matematica 
653 |a Funciones lineales 
653 |a Funciones polinomicas 
653 |a Funciones trigonometricas 
700 1 |a Guala, Graciela 
700 1 |a Oscherov, Viviana 
859 |a CEMS  |b BIB. CEMS - 11 de abril  |h F510  |i 7  |p 1886.44  |t Ej.1